000
00245nam a2200097Ia 4500
001
683937
005
20250826161448.0
008
250824s9999 xx 000 0 und d
245
0
_a
AFRİKA RÜYASI
_c
ERNESTO CHE GUEVARA
260
_b
EVEREST YAYINLARI
999
_c
683937
_d
683937